000 01266nam a2200241 a 4500
001 BRCA_8785
005 20190320210417.0
008 170417s1754----sp-a######---#000-0#spa-#
041 _aspa
044 _asp
084 _aBE164
_b.P58 1754
100 1 _aPluche, Nöel Antoine
_d1688 - 1761
_921346
245 1 0 _aEspectáculo de la naturaleza, o conversaciones de la historia natural, que han parecido más a propósito para exercitar una curiosidad útil, y formarles la razón à los jóvenes lectores
_bparte sexta, que contiene lo que pertenece al hombre en sociedad
_cescrito en el idioma francés por el Abad . Pluche, y traducido al castellano por el P. Estevan de Terreros...
260 _aMadrid
_bEn la Oficina de D. Gabriel Ramírez
_c1754
300 _a[2], 240 p. (t.12)
_bil. 30 h. plegables
_c20.2 x 14.2 cm.
500 _aEn portada: Dedicado a la Reyna Nuestra Señora Doña María Bárbara
500 _aEstado físico: presenta encuadernación en pergamino, con cintas rotas y algunos cuadernillos desprendidos
505 0 _aContiene lo que pertenece al hombre en sociedad
650 1 4 _aCiencias naturalez
_yObras anteriores a 1800
_921899
700 1 _aTerreros y Pando, Estevan de
_d1707 - 1782
_etr.
_921900
902 _aCFM
942 _2lcc
_cB
999 _c8436
_d8436